[Event "Guelph Winter Pro-Am"]
[Site "Guelph"]
[Date "2019.02.03"]
[Round "5.8"]
[White "Atanasov, Anthony"]
[Black "Ferreira, Alex"]
[Result "1/2-1/2"]
[WhiteElo "2164"]
[BlackElo "2080"]
[PlyCount "206"]
[EventDate "2019.02.02"]
[EventType "swiss"]
[EventRounds "5"]
[EventCountry "CAN"]
[SourceTitle "EXT 2022"]
[Source "ChessBase"]
[SourceDate "2021.10.06"]
[SourceVersion "1"]
[SourceVersionDate "2021.10.06"]
[SourceQuality "1"]

1. d4 d5 2. Bf4 Nf6 3. e3 Bf5 4. c4 c6 5. Qb3 Qb6 6. c5 Qxb3 7. axb3 Nbd7 8. Nd2 Nh5 9. Bc7 e5 10. Ngf3 exd4 11. Nxd4 Be6 12. Be2 g6 13. b4 Ng7 14. N2b3 Nf5 15. g4 Nxd4 16. Nxd4 Rc8 17. Bg3 a6 18. h4 Bg7 19. h5 g5 20. Kd2 h6 21. f3 0-0 22. Bd3 Ra8 23. f4 Bxg4 24. fxg5 hxg5 25. Bd6 Rfe8 26. Rag1 Bxd4 27. exd4 Be6 28. Rxg5+ Kh8 29. Rhg1 Rg8 30. h6 Rxg5 31. Rxg5 Rg8 32. Bf4 Rxg5 33. Bxg5 f6 34. Bf4 f5 35. Ke3 Kh7 36. Bg5 Nf8 37. Kf4 Ng6+ 38. Kg3 Bd7 39. Be3 Be6 40. Bc2 Kg8 41. Bd1 Kh7 42. Bd2 Bd7 43. Bc2 Nf8 44. Bd3 Kg6 45. Bf4 Nh7 46. Be2 Nf6 47. Bf3 Be6 48. Kh4 Bg8 49. Kg3 Be6 50. Bc1 Bd7 51. Bd2 Ne4+ 52. Bxe4 fxe4 53. Be3 Bf5 54. Kf4 Kf6 55. Bf2 Bh7 56. Be3 Bg8 57. Bd2 Bf7 58. Kg4 Kg6 59. Bg5 Be6+ 60. Kf4 Bg8 61. Kg4 Bh7 62. Be3 Kf6 63. Kf4 Bg8 64. Kg3 Kf5 65. b3 Bh7 66. Kh4 Bg6 67. Kg3 Kf6 68. Kg4 Bf7 69. Bf4 Be6+ 70. Kh5 Bf7+ 71. Kh4 Kg6 72. Bc1 Be6 73. Bd2 Bf5 74. h7 Kxh7 75. Kg5 Bh3 76. Kf6 Bf1 77. Be3 Bd3 78. Kf7 Bc2 79. Kf6 Kg8 80. Bh6 Bxb3 81. Kg6 Bc2 82. Kf6 Bd3 83. Be3 Kf8 84. Bg5 Ke8 85. Ke6 Bf1 86. Kd6 Kf7 87. Ke5 Kg6 88. Bd2 Kh5 89. Kf4 Bc4 90. Be3 Kh4 91. Bd2 Kh3 92. Be1 Kg2 93. Ke3 Kf1 94. Bh4 Kg2 95. Kf4 Kh3 96. Bd8 Bd3 97. Bg5 Bb1 98. Bd8 Kg2 99. Bh4 Bc2 100. Ke3 Kh3 101. Bd8 Kg4 102. Bc7 Bb3 103. Bd8 Kg3 1/2-1/2

[Event "Guelph Fall Pro-Am"]
[Site "Guelph"]
[Date "2018.10.27"]
[Round "2.3"]
[White "Ferreira, Alex"]
[Black "Hua, Eugene"]
[Result "0-1"]
[WhiteElo "2083"]
[BlackElo "2430"]
[PlyCount "120"]
[EventDate "2018.10.27"]
[EventType "swiss"]
[EventRounds "5"]
[EventCountry "CAN"]
[SourceTitle "EXT 2022"]
[Source "ChessBase"]
[SourceDate "2021.10.06"]
[SourceVersion "1"]
[SourceVersionDate "2021.10.06"]
[SourceQuality "1"]

1. e4 c5 2. Nf3 e6 3. d4 cxd4 4. Nxd4 Nc6 5. Nc3 Qc7 6. g3 a6 7. Bg2 d6 8. 0-0 Bd7 9. Nde2 Be7 10. h3 Nf6 11. g4 h6 12. Be3 b5 13. f4 Rc8 14. Ng3 b4 15. Na4 Na5 16. Bb6 Qb8 17. Bxa5 Bxa4 18. Qd4 d5 19. Bb6 Rc4 20. Qe3 Rxc2 21. Rac1 dxe4 22. Bxe4 Nxe4 23. Nxe4 0-0 24. b3 Rxc1 25. Rxc1 Bb5 26. g5 hxg5 27. fxg5 Rc8 28. Rxc8+ Qxc8 29. g6 f5 30. Bc5 Qd7 31. Bxe7 Qxe7 32. Ng5 e5 33. Nf7 e4 34. Qc1 Qe6 35. Qg5 Be8 36. Qd8 Qxg6+ 37. Ng5 Qc6 38. Kf2 f4 39. h4 e3+ 40. Ke2 Qg2+ 41. Kd1 Qf1+ 42. Kc2 Qe2+ 43. Kc1 Qe1+ 44. Kc2 Qc3+ 45. Kd1 Qc6 46. Ke2 g6 47. Qb8 Qb5+ 48. Qxb5 Bxb5+ 49. Kf3 Bc6+ 50. Ke2 Bd7 51. Kf3 Bf5 52. Kxf4 e2 53. Nf3 Bb1 54. Ke3 Bxa2 55. Kxe2 Bxb3 56. Ne5 Kg7 57. Kd2 Bd5 58. Kd3 a5 59. Kd4 a4 60. Kxd5 a3 0-1

[Event "Guelph Fall Pro-Am"]
[Site "Guelph"]
[Date "2018.10.27"]
[Round "3.4"]
[White "Papneja, Arul"]
[Black "Ferreira, Alex"]
[Result "0-1"]
[WhiteElo "2011"]
[BlackElo "2083"]
[PlyCount "76"]
[EventDate "2018.10.27"]
[EventType "swiss"]
[EventRounds "5"]
[EventCountry "CAN"]
[SourceTitle "EXT 2022"]
[Source "ChessBase"]
[SourceDate "2021.10.06"]
[SourceVersion "1"]
[SourceVersionDate "2021.10.06"]
[SourceQuality "1"]

1. d4 d5 2. Bf4 c6 3. e3 Bf5 4. c4 e6 5. Nf3 Nf6 6. Nc3 Qb6 7. Qb3 Na6 8. c5 Qxb3 9. axb3 Nb4 10. Ra4 Nd3+ 11. Bxd3 Bxd3 12. Ng5 Bf5 13. 0-0 Nh5 14. Rfa1 a6 15. Rb4 Nxf4 16. exf4 f6 17. Rxb7 fxg5 18. fxg5 Be7 19. Na4 Bd3 20. Nb6 Rd8 21. Rc7 Bb5 22. Nc8 Rd7 23. Nd6+ Bxd6 24. Rc8+ Rd8 25. Rxd8+ Kxd8 26. cxd6 Rf8 27. f3 Rf4 28. Rd1 Kd7 29. Kf2 e5 30. dxe5 Rb4 31. Rd2 Rxb3 32. f4 g6 33. g4 Bd3 34. h4 Bc4 35. Kg1 h5 36. f5 gxf5 37. gxh5 Rh3 38. b4 Rxh4 0-1

[Event "CAN-ch University"]
[Site "Kingston"]
[Date "2016.01.10"]
[Round "4"]
[White "Pace, Christopher"]
[Black "Ferreira, Alex"]
[Result "1/2-1/2"]
[WhiteElo "2210"]
[BlackElo "2057"]
[PlyCount "39"]
[EventDate "2016.01.09"]
[EventType "swiss"]
[EventRounds "5"]
[EventCountry "CAN"]
[SourceTitle "EXT 2022"]
[Source "ChessBase"]
[SourceDate "2021.10.06"]
[SourceVersion "1"]
[SourceVersionDate "2021.10.06"]
[SourceQuality "1"]

1. d4 d5 2. c4 dxc4 3. Nf3 Nf6 4. Nc3 e6 5. Qa4+ Nbd7 6. Qxc4 c5 7. dxc5 Bxc5 8. g3 Qc7 9. Qb3 Qb6 10. Qxb6 Nxb6 11. Bg2 Nbd5 12. Nxd5 Nxd5 13. 0-0 Bd7 14. Bd2 0-0 15. Rac1 Rac8 16. e4 Nf6 17. Ne5 Bb5 18. Rfd1 Bd4 19. Nf3 Bb6 20. Ne5 1/2-1/2

[Event "Reykjavik op"]
[Site "Reykjavik"]
[Date "2014.03.07"]
[Round "5"]
[White "Hackner, Oskar A"]
[Black "Ferreira, Alex"]
[Result "1/2-1/2"]
[WhiteElo "2105"]
[BlackElo "1933"]
[PlyCount "201"]
[EventDate "2014.03.04"]
[EventType "swiss"]
[EventRounds "10"]
[EventCountry "ISL"]
[SourceTitle "CBM 159 Extra"]
[Source "ChessBase"]
[SourceDate "2014.04.24"]
[SourceVersion "1"]
[SourceVersionDate "2014.04.24"]
[SourceQuality "1"]

1. d4 d5 2. c4 dxc4 3. e4 e5 4. Nf3 exd4 5. Bxc4 Bb4+ 6. Nbd2 Nc6 7. Qb3 Qe7 8. 0-0 Na5 9. Qd3 Nxc4 10. Nxc4 Be6 11. Qxd4 Bxc4 12. Qxc4 0-0-0 13. Bf4 c6 14. Rfc1 Bd6 15. e5 Bc7 16. b4 Qe6 17. b5 Qxc4 18. Rxc4 Ne7 19. Bg5 cxb5 20. Rxc7+ Kxc7 21. Bxe7 Rd5 22. Bd6+ Kd7 23. Ne1 Rc8 24. Rb1 Rc4 25. g3 Rcd4 26. Kf1 a6 27. Rb3 f6 28. Re3 a5 29. a3 b4 30. axb4 fxe5 31. Bc5 Rc4 32. Nd3 e4 33. Nb2 Rc2 34. Na4 Rd1+ 35. Kg2 axb4 36. Bxb4 Rd4 37. Rb3 Kc6 38. Nb2 b5 39. Kf1 Rd7 40. h4 Rf7 41. Nd1 Rf3 42. Rb1 e3 43. Nxe3 Rcxf2+ 44. Kg1 Re2 45. Rc1+ Kb7 46. Nf1 Re4 47. Bd6 Rd3 48. Bc5 Rc4 49. Rxc4 bxc4 50. Kf2 Kc6 51. Bf8 Rd7 52. Ne3 Rf7+ 53. Kg2 Rxf8 54. Nxc4 Kd5 55. Nd2 Kd4 56. Nf3+ Ke3 57. Ng5 Rf2+ 58. Kh3 h6 59. Ne6 g6 60. Kg4 Rf3 61. h5 gxh5+ 62. Kxh5 Ke4 63. Ng7 Ke5 64. Kxh6 Rxg3 65. Kh7 Rg1 66. Kh6 Rg2 67. Nh5 Kf5 68. Ng7+ Kf6 69. Nh5+ Kf7 70. Nf4 Rg1 71. Kh5 Kf6 72. Kh4 Kf5 73. Ne2 Re1 74. Ng3+ Kf4 75. Nh5+ Ke4 76. Kg5 Rg1+ 77. Kf6 Rf1+ 78. Ke6 Ra1 79. Ng3+ Kf4 80. Ne2+ Ke3 81. Nc3 Ra5 82. Kd6 Kd3 83. Nd5 Kd4 84. Nc7 Ke4 85. Ke6 Rg5 86. Kd6 Rh5 87. Ne8 Rh6+ 88. Kc5 Ke5 89. Nc7 Rh1 90. Nb5 Rc1+ 91. Kb4 Rc8 92. Nc3 Rc6 93. Nb5 Kd5 94. Nc3+ Kd4 95. Nb5+ Kd3 96. Na7 Rc7 97. Nb5 Rc1 98. Na3 Ra1 99. Nb5 Rb1+ 100. Kc5 Rxb5+ 101. Kxb5 1/2-1/2

[Event "CAN-chT University"]
[Site "Montreal"]
[Date "2013.01.13"]
[Round "5"]
[White "Ferreira, Alex"]
[Black "Sundar, Avinash"]
[Result "1/2-1/2"]
[WhiteElo "2071"]
[BlackElo "2203"]
[PlyCount "37"]
[EventDate "2013.01.12"]
[EventType "swiss"]
[EventRounds "5"]
[EventCountry "CAN"]
[SourceTitle "EXT 2014"]
[Source "ChessBase"]
[SourceDate "2013.11.20"]
[SourceVersion "1"]
[SourceVersionDate "2013.11.20"]
[SourceQuality "1"]

1. e4 c5 2. Nf3 Nc6 3. d4 cxd4 4. Nxd4 Nf6 5. Nc3 g6 6. Nxc6 bxc6 7. e5 Nh5 8. Be2 Ng7 9. 0-0 Qa5 10. f4 Nf5 11. g4 Qb6+ 12. Rf2 Nd4 13. Bf1 Ne6 14. f5 gxf5 15. gxf5 Rg8+ 16. Bg2 Ng5 17. Bxg5 Rxg5 18. Qf3 Bb7 19. Ne4 1/2-1/2

[Event "Toronto Thanksgiving op"]
[Site "Toronto"]
[Date "2011.10.08"]
[Round "2"]
[White "Ferreira, Alex"]
[Black "Campos Tores, Jose Luis"]
[Result "1-0"]
[WhiteElo "2048"]
[BlackElo "1823"]
[PlyCount "59"]
[EventDate "2011.10.08"]
[EventType "swiss"]
[EventRounds "6"]
[EventCountry "CAN"]
[SourceTitle "EXT 2022"]
[Source "ChessBase"]
[SourceDate "2021.10.06"]
[SourceVersion "1"]
[SourceVersionDate "2021.10.06"]
[SourceQuality "1"]

1. e4 g6 2. d4 Bg7 3. Nf3 c5 4. Be3 Nc6 5. c3 Nf6 6. d5 Nb8 7. e5 Ng4 8. Bf4 d6 9. exd6 exd6 10. Bb5+ Kf8 11. 0-0 a6 12. Bd3 Ne5 13. Nxe5 dxe5 14. Be3 Qb6 15. b4 Nd7 16. Nd2 f5 17. bxc5 Nxc5 18. Nb3 Ke8 19. Bxc5 Qc7 20. a4 b6 21. Bb4 a5 22. Bb5+ Kf7 23. d6 Qd8 24. d7 Bb7 25. Bc4+ Kf6 26. Qd6+ Kg5 27. Ba3 Kh6 28. f4 e4 29. Nd4 Bxd4+ 30. cxd4 1-0

[Event "Hamilton Winter op"]
[Site "Hamilton"]
[Date "2011.03.26"]
[Round "2"]
[White "Ferreira, Alex"]
[Black "Plotkin, Victor"]
[Result "1/2-1/2"]
[WhiteElo "2081"]
[BlackElo "2409"]
[PlyCount "62"]
[EventDate "2011.03.26"]
[EventType "swiss"]
[EventRounds "6"]
[EventCountry "CAN"]
[SourceTitle "EXT 2022"]
[Source "ChessBase"]
[SourceDate "2021.10.06"]
[SourceVersion "1"]
[SourceVersionDate "2021.10.06"]
[SourceQuality "1"]

1. e4 d6 2. Nf3 Nf6 3. Nc3 e5 4. d4 exd4 5. Nxd4 Be7 6. Bc4 0-0 7. 0-0 Nc6 8. Nxc6 bxc6 9. f4 Nxe4 10. Nxe4 d5 11. Bd3 dxe4 12. Bxe4 Bc5+ 13. Kh1 Qxd1 14. Rxd1 Bg4 15. Re1 Rfe8 16. Bd2 Bf2 17. Rf1 Rxe4 18. Rxf2 Rae8 19. h3 Bf5 20. g4 Re2 21. Rxe2 Rxe2 22. Re1 Rxe1+ 23. Bxe1 Bxc2 24. Ba5 f6 25. Kg2 Kf7 26. f5 Ke7 27. Bxc7 Kd7 28. Bb8 a6 29. Kf3 c5 30. Bg3 Kc6 31. Kf4 g6 1/2-1/2

[Event "Scarborough CC-ch Reserves"]
[Site "Toronto"]
[Date "2011.03.03"]
[Round "2"]
[White "Ferreira, Alex"]
[Black "Ugodnikov, Arkadiy"]
[Result "1-0"]
[WhiteElo "2081"]
[BlackElo "1845"]
[PlyCount "103"]
[EventDate "2011.02.24"]
[EventType "swiss"]
[EventRounds "9"]
[EventCountry "CAN"]
[SourceTitle "EXT 2022"]
[Source "ChessBase"]
[SourceDate "2021.10.06"]
[SourceVersion "1"]
[SourceVersionDate "2021.10.06"]
[SourceQuality "1"]

1. e4 e5 2. f4 d5 3. exd5 c6 4. d4 exd4 5. Qxd4 cxd5 6. Nc3 Nf6 7. Nf3 Nc6 8. Bb5 a6 9. Bxc6+ bxc6 10. Ne5 Qc7 11. 0-0 Bd6 12. Bd2 0-0 13. Rae1 Bf5 14. Qa4 Rfc8 15. Nd1 Ne4 16. Ba5 Qb7 17. Kh1 Bc5 18. g4 Bd7 19. Rxe4 dxe4 20. Qc4 Be6 21. Qxc5 f6 22. f5 Bd5 23. Ne3 fxe5 24. c4 Bf7 25. Bc3 Re8 26. Bxe5 Qa7 27. Qxa7 Rxa7 28. Bc3 Rd7 29. Kg1 Rd3 30. Re1 Red8 31. Kf2 h5 32. gxh5 Bxh5 33. Kg3 Bf3 34. Kf4 Kf7 35. Rg1 Rg8 36. Rg6 Rh8 37. Rxg7+ Kf8 38. f6 c5 39. Nf5 Rg8 40. Nh6 Rh8 41. Nf5 Bh1 42. Rc7 Rh5 43. Ke5 Rd8 44. Ke6 Rxf5 45. Rf7+ Ke8 46. Re7+ Kf8 47. Kxf5 Rd6 48. Kg6 Bf3 49. Rc7 Rd8 50. Bd2 Bg4 51. Rh7 Kg8 52. f7+ 1-0

[Event "Guelph Winter ProAm"]
[Site "Guelph"]
[Date "2011.02.05"]
[Round "1"]
[White "Ferreira, Alex"]
[Black "Sapozhnikov, Roman"]
[Result "0-1"]
[WhiteElo "2045"]
[BlackElo "2428"]
[PlyCount "76"]
[EventDate "2011.02.05"]
[EventType "swiss"]
[EventRounds "5"]
[EventCountry "CAN"]
[SourceTitle "EXT 2022"]
[Source "ChessBase"]
[SourceDate "2021.10.06"]
[SourceVersion "1"]
[SourceVersionDate "2021.10.06"]
[SourceQuality "1"]

1. d4 Nf6 2. Bg5 c5 3. Bxf6 gxf6 4. c3 Qb6 5. Qb3 cxd4 6. Qxb6 axb6 7. Nf3 dxc3 8. Nxc3 e6 9. 0-0-0 Bb4 10. Ne4 Rxa2 11. Nxf6+ Ke7 12. Kb1 Ra8 13. Ng4 d5 14. Nge5 Nc6 15. e3 Bd6 16. Nd3 e5 17. Nc1 Bf5+ 18. Bd3 Bxd3+ 19. Rxd3 e4 20. Rxd5 exf3 21. gxf3 Ra5 22. Rhd1 Rxd5 23. Rxd5 Bxh2 24. f4 Bg1 25. Nd3 Rg8 26. Rh5 Rg2 27. f5 Bxf2 28. Nf4 Rg5 29. Nd5+ Kd6 30. e4 Rg4 31. Nc3 Nb4 32. b3 Rg1+ 33. Kb2 Bd4 34. Rh3 Kc5 35. Ka3 b5 36. f6 Nc2+ 37. Kb2 Ne3 38. Rh5+ Kb4 0-1

[Event "CAN-ch Post-Secondary A"]
[Site "Waterloo"]
[Date "2011.01.16"]
[Round "4.3"]
[White "McDonald, Justin"]
[Black "Ferreira, Alex"]
[Result "1-0"]
[WhiteElo "2006"]
[BlackElo "2080"]
[PlyCount "45"]
[EventDate "2011.01.15"]
[EventType "swiss"]
[EventRounds "4"]
[EventCountry "CAN"]
[SourceTitle "EXT 2022"]
[Source "ChessBase"]
[SourceDate "2021.10.06"]
[SourceVersion "1"]
[SourceVersionDate "2021.10.06"]
[SourceQuality "1"]

1. e4 e5 2. Nf3 Nc6 3. Bb5 Nf6 4. Nc3 Bb4 5. d3 Nd4 6. Ba4 b5 7. Bb3 d6 8. h3 a5 9. a3 Nxb3 10. cxb3 Bc5 11. Be3 Bxe3 12. fxe3 Bd7 13. 0-0 0-0 14. Qe2 Qb8 15. b4 axb4 16. axb4 Qb7 17. Rac1 Ra7 18. Nh4 d5 19. Rxf6 gxf6 20. Nxd5 Qa6 21. Qh5 f5 22. Qg5+ Kh8 23. Nf6 1-0

[Event "Scarborough CC Falling Leaves"]
[Site "Toronto"]
[Date "2010.12.02"]
[Round "6"]
[White "Casareno, Erwin"]
[Black "Ferreira, Alex"]
[Result "1-0"]
[WhiteElo "2129"]
[BlackElo "2087"]
[PlyCount "113"]
[EventDate "2010.10.28"]
[EventType "swiss"]
[EventRounds "7"]
[EventCountry "CAN"]
[SourceTitle "EXT 2022"]
[Source "ChessBase"]
[SourceDate "2021.10.06"]
[SourceVersion "1"]
[SourceVersionDate "2021.10.06"]
[SourceQuality "1"]

1. e4 Nf6 2. e5 Nd5 3. c4 Nb6 4. c5 Nd5 5. Bc4 e6 6. d4 d6 7. cxd6 cxd6 8. Nf3 dxe5 9. dxe5 Bb4+ 10. Bd2 Bxd2+ 11. Nbxd2 0-0 12. 0-0 Nb6 13. Bb3 Nc6 14. Qe2 Bd7 15. Ne4 Nb4 16. Rfd1 N4d5 17. Nfg5 h6 18. Nf3 Bc6 19. Nd4 Ba4 20. Qg4 Bxb3 21. axb3 Nd7 22. Nxe6 fxe6 23. Qxe6+ Kh8 24. Rxd5 Qh4 25. Qg6 Qe7 26. e6 Nf6 27. Re5 Qc7 28. Nxf6 Rxf6 29. Qe4 Re8 30. Re1 Qb6 31. Qe3 Qxe3 32. R1xe3 Kg8 33. g3 Kf8 34. Kg2 Ke7 35. f4 Rd8 36. f5 Rd2+ 37. Kh3 Rf8 38. Rc5 Kd6 39. e7 Re8 40. Rce5 Rxb2 41. g4 Rd2 42. Kg3 a6 43. h4 Rd4 44. g5 Kd7 45. f6 gxf6 46. gxf6 Rg8+ 47. Kf3 Ke8 48. f7+ Kxf7 49. e8Q+ Rxe8 50. Rxe8 Rxh4 51. R8e7+ Kf6 52. Rxb7 a5 53. Rb6+ Kf7 54. Re4 Rh1 55. Rc4 Ke8 56. Rc7 Kd8 57. Rh7 1-0

[Event "Guelph Fall ProAm"]
[Site "Guelph"]
[Date "2010.11.06"]
[Round "3"]
[White "Ferreira, Alex"]
[Black "Lacau Rodean, Lucian"]
[Result "1-0"]
[WhiteElo "2087"]
[BlackElo "2168"]
[PlyCount "65"]
[EventDate "2010.11.06"]
[EventType "swiss"]
[EventRounds "5"]
[EventCountry "CAN"]
[SourceTitle "EXT 2022"]
[Source "ChessBase"]
[SourceDate "2021.10.06"]
[SourceVersion "1"]
[SourceVersionDate "2021.10.06"]
[SourceQuality "1"]

1. d4 Nf6 2. Bg5 c5 3. Bxf6 gxf6 4. e3 e6 5. Nf3 Qb6 6. b3 Nc6 7. Be2 Bg7 8. 0-0 f5 9. c3 d5 10. Nbd2 Bd7 11. Rc1 0-0 12. dxc5 Qxc5 13. c4 d4 14. exd4 Nxd4 15. Nxd4 Qxd4 16. Nf3 Qxd1 17. Rfxd1 Rfd8 18. Nd4 Bh6 19. Rc3 e5 20. Nc2 e4 21. Ne3 Be6 22. Nd5 Bxd5 23. cxd5 Bf4 24. g4 Kg7 25. gxf5 Kf6 26. f3 e3 27. Rc4 Kxf5 28. Bd3+ Kg5 29. h4+ Kxh4 30. Rxf4+ Kg3 31. Rxf7 Rxd5 32. Rg7+ Kh3 33. Bf1+ 1-0